000 00751cam a2200265 i 4500
001 200466577
003 TR-AnTOB
005 20251216104953.0
007 ta
008 2007 tur
035 _a0511394NLT
040 _aTR-AnTOB
_beng
_cTR-AnTOB
_erda
_dTR-AnTOB
041 0 _atur
060 _aQZ 4
_b1998
096 _aQZ4
_b1998
245 1 0 _aPediatrik moleküler patoloji kongresi /
264 _aAnkara :
_bAntıp A.Ş.,
_c1998.
300 _a139 pages :
_billustrations ;
_c24 cm
336 _2rdacontent
_atext
_btxt
337 _2rdamedia
_aunmediated
_bn
338 _2rdacarrier
_avolume
_bnc
440 0 _aAntıp A.Ş. Tıp Kitapları ve Bilimsel Yayınlar ;
942 _2NLM
_cBK
999 _c200466577
_d84789